This unsettling place: (Record no. 11039)
[ view plain ]
| 000 -LEADER | |
|---|---|
| fixed length control field | 00561nam a22001937a 4500 |
| 005 - DATE AND TIME OF LATEST TRANSACTION | |
| control field | 20260515114848.0 |
| 008 - FIXED-LENGTH DATA ELEMENTS--GENERAL INFORMATION | |
| fixed length control field | 201006b ||||| |||| 00| 0 eng d |
| 020 ## - INTERNATIONAL STANDARD BOOK NUMBER | |
| International Standard Book Number | 9789382267089 |
| 040 ## - CATALOGING SOURCE | |
| Transcribing agency | CLNC |
| 041 ## - LANGUAGE CODE | |
| Language code of sung or spoken text | eng |
| 082 ## - DEWEY DECIMAL CLASSIFICATION NUMBER | |
| Edition information | 22 |
| Classification number | 810 |
| Item number | THI |
| 245 ## - TITLE STATEMENT | |
| Title | This unsettling place: |
| Remainder of title | Readings in American literature/ |
| Statement of responsibility, etc. | edited by Akhil Katyal and Ananya Dasgupta |
| 260 ## - PUBLICATION, DISTRIBUTION, ETC. | |
| Place of publication, distribution, etc. | Delhi: |
| Name of publisher, distributor, etc. | Worldview, |
| Date of publication, distribution, etc. | 2016 |
| 300 ## - PHYSICAL DESCRIPTION | |
| Extent | 376p. |
| 650 ## - SUBJECT ADDED ENTRY--TOPICAL TERM | |
| Topical term or geographic name entry element | American literature |
| 700 ## - ADDED ENTRY--PERSONAL NAME | |
| Personal name | Katyal, Akhil |
| Relator term | Editor |
| 700 ## - ADDED ENTRY--PERSONAL NAME | |
| Personal name | Dasgupta, Anannya |
| Relator term | Editor |
| 942 ## - ADDED ENTRY ELEMENTS (KOHA) | |
| Source of classification or shelving scheme | Dewey Decimal Classification |
| Koha item type | Books |
| Edition | 22 |
| Withdrawn status | Lost status | Source of classification or shelving scheme | Damaged status | Not for loan | Home library | Current library | Shelving location | Date acquired | Cost, normal purchase price | Total checkouts | Full call number | Barcode | Date last seen | Copy number | Price effective from | Koha item type | Date last checked out |
|---|---|---|---|---|---|---|---|---|---|---|---|---|---|---|---|---|---|
| Dewey Decimal Classification | Naharkatiya College Library | Naharkatiya College Library | General stacks | 10/06/2020 | 225.00 | 810 THI | 28392 | 10/06/2020 | 1 | 10/06/2020 | Books | ||||||
| Dewey Decimal Classification | Naharkatiya College Library | Naharkatiya College Library | General stacks | 10/06/2020 | 225.00 | 810 THI | 28393 | 10/06/2020 | 2 | 10/06/2020 | Books | ||||||
| Dewey Decimal Classification | Naharkatiya College Library | Naharkatiya College Library | General stacks | 10/06/2020 | 225.00 | 1 | 810 THI | 28394 | 12/19/2020 | 3 | 10/06/2020 | Books | 12/05/2020 |